| 000 | 00525nam a2200121Ia 4500 | ||
|---|---|---|---|
| 008 | 170221s9999 xx 000 0 und d | ||
| 100 | _aMin-Shik Shin | ||
| 245 | 4 | _aThe effects of credit ratings on capital structure: evidence from Korea | |
| 245 | _cMin-Shik Shin, Kyungpook National University; Soo-Eun Kim, Kyungpook National University; Jong-Ho Shin, E-Hyun Accounting Corporation. | ||
| 260 | _bJournal of Management and Marketing Research | ||
| 650 | _xBusiness | ||
| 856 | _uhttp://www.aabri.com/manuscripts/121139.pdf | ||
| 999 |
_c307892 _d307892 |
||